| 000 | 01233nam a2200313 i 4500 | ||
|---|---|---|---|
| 003 | EG-GICUC | ||
| 005 | 20260121101356.0 | ||
| 008 | 251128s1997 ua ||||fr|||| 00| 0 ara d | ||
| 040 |
_a EG-GICUC _bara _c EG-GICUC _d EG-GICUC _erda |
||
| 041 | 0 | _aara | |
| 082 | 0 | 4 |
_221 _a345.3131 _bم ح . ن |
| 092 | 0 | 4 | _221 |
| 099 | _aLaw1 07 345.3131 م ح . ن 1 ed - 1997 | ||
| 100 | 0 |
_aمحمد أحمد فتح الباب _eمؤلف. |
|
| 245 | 1 | 2 |
_aالنظام القانونى لأحكام البناء في مصر / _cالدكتور محمد أحمد فتح الباب. |
| 250 | _aالطبعة الأولى | ||
| 264 | 1 |
_aالقاهرة : _bدار النهضة العربية، _c1997. |
|
| 300 |
_a215 ؛صفحة _c24 سم. |
||
| 336 |
_2rda content _atext |
||
| 337 |
_2rda media _aComputer |
||
| 338 |
_2rda carrier _aOnline Resource |
||
| 504 | _aيشتمل على إرجاعات ببليوجرافية. | ||
| 546 | _aالنص أغلبه باللغة العربية مع بعض النصوص الفرنسية | ||
| 650 | 1 | 4 | _aلوائح الضبط الإداري |
| 650 | 1 | 4 | _aالقانون الإداري |
| 856 | 4 | 0 | _uhttps://fll.law.cu.edu.eg/fulltext/bks/B07-01059.pdf |
| 905 |
_a32 _eYara |
||
| 942 |
_2ddc _cBK _e21 _n0 |
||
| 999 |
_c46748 _d46748 |
||